00906 a2200169 45000010006000000050017000060080041000230030015000640400040000790800026001192450031001452640036001763000019002125050457002311000029006887000019007173990320260407155655.0260407a1967 arg spa dAR-UNSa-BCEJYS aAR-UNSa-BCEJYSbspacAR-UNSa-BCEJYS a330.43xEconometría10aMétodos de econometría 1aBarcelona :bVicens-Vivesc1967 a300 p.c22 cm. a1. Método lineal de dos variables - 2. Extensiones del modelo lineal de dos variables - 3. Elementos de algebra matricial - 4. El modelo lineal general - Parte II: Teoría de la econometría : 5. Introducción a la teoría de la econometría - 6. Errores en la variable - 7. Autocorrelación - 8. Otros problemas de los modelos uniecuacionales- 9. Problema de los modelos multiecuacionales: I - 10. Problema de los modelos multiecuacionales: II1 aHerranz Yuste, Alejandro1 aJohnston, Jack